| 000 | 00730nam a2200265Ia 4500 | ||
|---|---|---|---|
| 003 | OSt | ||
| 005 | 20221005093229.0 | ||
| 006 | a|||||r|||| 00| 0 | ||
| 007 | ta | ||
| 008 | 221004b |||||||| |||| 00| 0 eng d | ||
| 024 | _a42352 | ||
| 037 | _cTextual | ||
| 040 |
_aCRL _cCRL _beng |
||
| 041 |
_2eng _aeng |
||
| 082 | _aO111,3M82,FW, K5 | ||
| 100 | _aJoyce James | ||
| 110 | _aGift from Prof Amitava Banerjee, London | ||
| 245 | 0 | _aFinnegans wake | |
| 260 |
_aNew York _bViking Press USA _c1965 |
||
| 300 |
_a628p. _ccm. |
||
| 650 | _aENGLISH LITERATURE | ||
| 700 | _aGift from Prof Amitava Banerjee, London | ||
| 942 |
_hO111,3M82,FW, K5 _cTEXL _2cc |
||
| 999 |
_c1000023 _d1000023 |
||